000 00901nam a2200277 i 4500
003 DO-SdBNP
005 20240621122653.0
007 ta
008 240621b1979 mx a|||| |||| 00| 0 spa d
020 _a9686024034
040 _aDO-SdBNP
_bspa
_cBNPHU
_erda
082 4 _222
100 1 _aGoodrich, Frederick W.,
_eautor
_985746
245 1 0 _aMaternidad sin dolor /
_cFrederick W. Goodrich ; traducción, M. T. Luaces de Fontanilla
264 _aMéxico :
_bDaimon,
_c1979.
300 _a256 páginas :
_bilustraciones ;
_c20 cm.
336 _2rdacontent
_atexto
_btxt
337 _2rdamedia
_asin mediación
_bn
338 _2rdacarrier
_avolumen
_bnc
490 _aPara tí
500 _aIncluye referencias bibliográficas y notas al pie de las páginas
590 _aInventariado, 2024/BT
700 _aLuaces Fontanilla, M. T. de,
_etraductor
_985747
910 _aBtavárez
942 _2ddc
_cLBS1
999 _c56926
_d56926